Salón Conac (Record no. 1493)

MARC details
000 -LEADER
campo de control de longitud fija 00538nam a22001457a 4500
008 - DATOS DE LONGITUD FIJA--INFORMACIÓN GENERAL
campo de control de longitud fija 180608b xxu||||| |||| 00| 0 eng d
082 ## - NÚMERO DE LA CLASIFICACIÓN DECIMAL DEWEY
Número de clasificación 708
Número de ítem S175s
100 ## - ENTRADA PRINCIPAL--NOMBRE DE PERSONA
Nombre de persona Provenzali, Mariela (Curador)
9 (RLIN) 6391
110 ## - ENTRADA PRINCIPAL--NOMBRE DE ENTIDAD CORPORATIVA
Nombre de entidad corporativa o nombre de jurisdicción como elemento de entrada Consejo Nacional de la Cultura
9 (RLIN) 6392
245 ## - MENCIÓN DEL TÍTULO
Título Salón Conac
Resto del título Arte y Ciudad
260 ## - PUBLICACIÓN, DISTRIBUCIÓN, ETC.
Lugar de publicación, distribución, etc. Caracas, Venezuela
Nombre del editor, distribuidor, etc. Editorial Binev
Fecha de publicación, distribución, etc. 1991
300 ## - DESCRIPCIÓN FÍSICA
Extensión 68 p.
Otras características físicas ill (col).
Dimensiones 24 cm.
650 ## - PUNTO DE ACCESO ADICIONAL DE MATERIA--TÉRMINO DE MATERIA
Fuente del encabezamiento o término Arte moderno
Subdivisión general Arte - Exhibiciones
Subdivisión cronológica Arte - Siglo XX
Subdivisión geográfica Arte -Venezuela
9 (RLIN) 6393
710 ## - ENTRADA AGREGADA--NOMBRE DE ENTIDAD CORPORATIVA
Nombre de entidad corporativa o nombre de jurisdicción como elemento de entrada Museo de las Artes Visuales Alejandro Otero
9 (RLIN) 6394
Holdings
Estatus retirado Estado de pérdida Fuente del sistema de clasificación o colocación Estado de daño No para préstamo Biblioteca de origen Biblioteca actual Ubicación en estantería Fecha de adquisición Total de préstamos Signatura topográfica completa Visto por última vez Precio de reemplazo Tipo de ítem Koha
    Clasificación Decimal Dewey     Biblioteca LadoV Biblioteca LadoV   08/06/2018   708 S175s 08/06/2018 08/06/2018 Material 01